S. Kunda a kol.: Klinika alkoholizmu

Podrobná bibliografia
Hlavný autor: Molčan, Ján, 1925-1991 (Autor)
Médium: Článok
Jazyk:slovenčina
Predmet:

MARC

LEADER 00000nab a2200000 a 4500
001 vtls000383759
003 SK-MaSNL
005 20260303191414.0
008 230120c1990 xo 0 slo
015 |a SNBRB19rr/mm-uuuuu 
035 |a CL0383881 
035 |a urn:nbn:sk:snk-ab6uhm 
035 |a (uuid)a6edeef8-4517-4a73-8e9d-d64c7e981261 
035 |a (urnnbn)urn:nbn:sk:snk:ar-a05z41 
035 |a (sysno)vtls000383759 
040 |a SNKBUCL  |b slo  |c SNKBUCL  |e AACR2 
041 0 |a slo 
044 |a xo  |c SK 
080 |a 613.81:616.89  |2 1981 
080 |a 616.89  |2 1981 
100 1 |a Molčan, Ján,  |d 1925-1991  |4 aut  |9 233806 
245 1 0 |a S. Kunda a kol.: Klinika alkoholizmu  |c J. Molčan 
650 0 7 |a alkoholizmus  |2 snkbucl  |9 14184 
650 0 7 |a monografie  |2 snkbucl  |9 256509 
655 7 |a recenzie  |2 snkbucl  |9 21907 
655 7 |a články z novín a časopisov  |2 snkbucl  |9 267496 
773 0 |t Protialkoholický obzor  |g Roč. 25, č. 1 (1990), s. 48 
787 0 8 |i Rec.:  |a Kunda, Stanislav  |t Klinika alkoholizmu  |d Martin : Osveta, 1988 
850 |a Slovenská národná knižnica v Martine  |a MTA001 
852 |a SNK  |b KIS3GCP 
954 |a odborná, vedecká literatúra pôvodná (slovenská)  |2 lita 
958 |a RK 
958 |a MI 
958 |a OND 
958 |a EUIPO 
958 |a article2022 
992 |a RBX 
999 |c 2141111  |d 2143041